Human genetics : Concepts and application
This work helps to make human genetics come alive through real-life examples and stories. It is designed for the non-science major taking an introductory level course.
Сохранить в:
| Главный автор: | |
|---|---|
| Формат: | |
| Язык: | Undetermined |
| Опубликовано: |
Boston
McGraw Hill High Education
2005
|
| Предметы: | |
| Метки: |
Добавить метку
Нет меток, Требуется 1-ая метка записи!
|
| Thư viện lưu trữ: | Trung tâm Học liệu Trường Đại học Cần Thơ |
|---|
| LEADER | 00689nam a2200205Ia 4500 | ||
|---|---|---|---|
| 001 | CTU_108623 | ||
| 008 | 210402s9999 xx 000 0 und d | ||
| 082 | |a 599.935 | ||
| 082 | |b L673 | ||
| 100 | |a Lewis, Ricki | ||
| 245 | 0 | |a Human genetics : | |
| 245 | 0 | |b Concepts and application | |
| 245 | 0 | |c Ricki Lewis | |
| 260 | |a Boston | ||
| 260 | |b McGraw Hill High Education | ||
| 260 | |c 2005 | ||
| 520 | |a This work helps to make human genetics come alive through real-life examples and stories. It is designed for the non-science major taking an introductory level course. | ||
| 650 | |a Human genetics | ||
| 904 | |i Tuyến | ||
| 980 | |a Trung tâm Học liệu Trường Đại học Cần Thơ | ||